000 00862nam a2200241Ia 4500
003 GCL
008 140319s9999 xx 000 0 ara d
040 _aGCL /
_cGCL
082 0 4 _aق
_b929.7
_bا ك
100 1 _aابن ناظر الجيش، تقى الدين
245 1 0 _aكتاب تثقيف التعريف بالمصطلح الشريف /
_cابن ناظر الجيش، تقى الدين
700 1 _aفسلى، ردولف
260 _aالقاهرة :
_bالمعهد العلمى الفرنسى للاثار الشرقية ،
_c1987
300 _a249 ؛
_c30 سـم
490 _a
650 0 4 _aالدولة الفاطمية
650 0 4 _aالدولة الاخشيدية
650 0 4 _aالدولة الطولونية
650 0 4 _aالدولة السلجوقية
650 0 4 _aالعهود
650 0 4 _aالمكاتبات
942 _2ddc
_cBK
999 _c43538
_d43538